Organic chemistry functional groups - Statistics

General Stats
  • This quiz has been taken 3,291 times
  • The average score is 9 of 25
Answer Stats
Hint Answer % Correct
R2C=CR2 Alkene
81%
RCOOH Carboxylic acid
74%
ROH Alcohol
73%
RNH2 Primary amine
63%
RCHO Aldehyde
59%
RC6H5 Phenyl
59%
ROR' Ether
56%
RCOOR' Ester
55%
RCOR' Ketone
53%
RCl Chloroalkane
51%
RCN Nitrile
51%
RCONH2 Amide
45%
RCOCl Acyl chloride
31%
RSH Thiol
27%
RCH2C6H5 Benzyl
26%
RC(=NH)R' Primary ketimine
13%
RSSR Disulfide
10%
RNC Isonitrile
9%
RCOOOH Peracid
9%
RSCN Thiocyanate
8%
RCSR' Thione
8%
ROCN Cyanate
6%
RSO2R' Sulfone
3%
RSOR' Sulfoxide
3%
ROOH Hydroperoxide
2%
No matching quizzes found
Score Distribution
Percent of People with Each Score
Percentile by Number Answered
Your Score History
You have not taken this quiz